| 000 | 00447aam a2200169 a 4500 | ||
|---|---|---|---|
| 020 | _a0697170438 | ||
| 040 | _cDLC | ||
| 082 | _aWCB CLI 1994 C284 Or. | ||
| 100 | 1 | _aBruess, Clint E | |
| 245 | 1 | 0 | _aHealthy decisions / |
| 260 |
_aMadison, Wisc : _bBrown & Benchmark Publishers, _cc1994 |
||
| 300 |
_axiv, 417 p. : _bill. (some col.) ; _c28 cm |
||
| 650 | 0 | _aHealth | |
| 700 | 1 | _aRichardson, Glenn R | |
| 700 | 1 | _aLaing, Susan J | |
| 942 | _cAEDBB | ||
| 999 |
_c22389 _d22389 |
||